General Physiology or physiological Theory of Cosmos (Record no. 39364)

MARC details
000 -LEADER
campo de control de longitud fija 00607nam a2200157 i 4500
001 - NÚMERO DE CONTROL
campo de control 39364
003 - IDENTIFICADOR DE NÚMERO DE CONTROL
campo de control ES-MaACL
005 - FECHA Y HORA DE LA ÚLTIMA TRANSACCIÓN
campo de control 20230906155946.0
007 - CAMPO FIJO DE DESCRIPCIÓN FÍSICA--INFORMACIÓN GENERAL
campo de control de longitud fija t|
008 - DATOS DE LONGITUD FIJA--INFORMACIÓN GENERAL
campo de control de longitud fija 030227s1890 xxk ||||1| eng d
100 0# - ENTRADA PRINCIPAL--NOMBRE DE PERSONA
Nombre de persona Calleja García, Camilo.
9 (RLIN) 33726
245 10 - MENCIÓN DEL TÍTULO
Título General Physiology or physiological Theory of Cosmos
Resto del título :a rectification of the analytical concept of matter and of the synthetical concept of bodies resolving the problem of the unity of all objective Knowledge /
Mención de responsabilidad, etc. by Camilo Calleja.
260 ## - PUBLICACIÓN, DISTRIBUCIÓN, ETC.
Lugar de publicación, distribución, etc. London :
Nombre del editor, distribuidor, etc. Kegan Paul,
Fecha de publicación, distribución, etc. 1890.
300 ## - DESCRIPCIÓN FÍSICA
Extensión X, 391 p. ;
Dimensiones 19 cm.
852 ## - LOCALIZACIÓN
Ubicación ES-MaACL
Número de control de estantería G-12949
Holdings
Estatus retirado Estado de pérdida Estado de daño No para préstamo Colección Biblioteca de origen Biblioteca actual Ubicación en estantería Fecha de adquisición Fuente de adquisición Total de préstamos Signatura topográfica completa Código de barras Visto por última vez Precio de reemplazo Tipo de ítem Koha
        Libros del s. XIX Biblioteca del Ateneo de Madrid Biblioteca del Ateneo de Madrid Sala Pecera Planta 3 17/01/2008     G-12949 1041458 23/02/2023 23/02/2023 Libro impreso antiguo